000 00567nam a2200205Ia 4500
005 20250508170036.0
008 008 250505s9999 xx 000 0 eng d
020 _a0415-03224-5
037 _aTextual
040 _aFEDL
_beng
_cFEDL
041 _aeng
_2eng
084 _a152, ECC
_qFEDL
100 _aEccles John C
245 0 _aEvolution of the brain: Creation of the self
260 _aLondon, UK
_bRoutledge
_c1989
300 _axv, 282p.
546 _aGifted by Prof. Anita Rampal
942 _cTEXL
_h152, ECC
999 _c1398863
_d1398863